First and Last Letters (5 Letter Words) Quiz Stats

Quiz Updated May 9, 2012

Challenge
Share
Tweet
Embed
Score 0/34 Timer 05:00
2 Plays Today
Hint Word % Correct
_ E B R _ZEBRA
80%
_ P O I _SPOIL
73.1%
_ R S O _ARSON
66.1%
_ V A I _AVAIL
64%
_ E I Z _SEIZE
63.7%
_ P T I _OPTIC
62.8%
_ R U F _GRUFF
60.7%
_ T A M _STAMP
59.1%
_ C E A _OCEAN
59%
_ O G M _DOGMA
58.6%
_ A P S _LAPSE
58.4%
_ R Y P _CRYPT
57.8%
_ L B U _ALBUM
57.7%
_ A Y B _MAYBE
57.6%
_ R B A _URBAN
57.4%
_ N G S _ANGST
56.6%
_ O D K _VODKA
56.4%
Hint Word % Correct
_ X T O _EXTOL
56.1%
_ I N S _RINSE
52.3%
_ S Y C _PSYCH
50.9%
_ O R L _WORLD
50%
_ R O B _PROBE
50%
_ T A S _STASH
49.5%
_ L U I _FLUID
49.3%
_ B U S _ABUSE
48.5%
_ I N J _NINJA
48.5%
_ N N O _ANNOY
48.5%
_ N V I _ANVIL
47.9%
_ L C E _ULCER
46.1%
_ O U B _DOUBT
46%
_ N A V _KNAVE
45.7%
_ P R O _APRON
45.5%
_ L I G _ALIGN
44.1%
_ R K E _IRKED
34.5%

You're not logged in!

Compare scores with friends on all Sporcle quizzes.
Sign Up with Email
OR
Log In

You Might Also Like...

Show Comments

Extras

Top Quizzes Today


Score Distribution

Your Account Isn't Verified!

In order to create a playlist on Sporcle, you need to verify the email address you used during registration. Go to your Sporcle Settings to finish the process.